| 000 | 01328cad a22002655a 4500 | ||
|---|---|---|---|
| 001 | L158639 | ||
| 008 | 131031s2015 xxk f f 001 0 eng d | ||
| 035 | _a(Sirsi) u158639 | ||
| 041 | 0 | _aeng | |
| 110 | 2 |
_aRoyal Institution of Chartered Surveyors _94900 |
|
| 245 | 0 | 0 |
_aOutsourcing of construction professional services in the UK university sector _bPrediction of consultant performance for the selection process _h[electronic resource] |
| 260 |
_aLondon _bRICS _c2015 |
||
| 300 | _a78 p. | ||
| 490 | 0 | _aRICS Research | |
| 520 | _aAims to develop performance predictive conceptual models to forecast performance outcomes of construction consultants in the UK university environment, covering consultancies for new build, refurbishment and maintenance projects. The report uses regression models to predict performance based on the input economic and management factors at the procurement stage. | ||
| 650 | 2 | 4 | _aFORECASTING MODELS |
| 650 | 2 | 4 | _aCONSULTANCY SERVICES |
| 650 | 2 | 4 | _aUNIVERSITY ESTATES |
| 650 | 2 | 4 | _aPROJECT CONSULTANTS |
| 651 | 4 | _aUnited Kingdom | |
| 690 |
_aProcurement _96260 |
||
| 700 | 1 | _aLam, Terence | |
| 856 | 4 | 0 |
_uhttps://www.propertyresearchtrust.org/uploads/1/3/4/8/134819607/outsourcing_construction_professional_services.pdf _zAvailable from the Property Research Trust |
| 942 |
_n0 _2ddc |
||
| 999 |
_c115428 _d115428 |
||